ბათუმის შოთა რუსთაველის სახელმწიფო უნივერსიტეტის ბიბლიოთეკა

ჰიდროლოგია : სახელმძღვანელო / (ბიბ.ჩანაწერი № 37654)

000 -ლიდერი
ფიქსირებული სიგრძის საკონტროლო ველი 00956nam a2200229Ia 4500
001 - საკონტროლო ნომერი
საკონტროლო ველი 3626
003 - საკონტროლო ნომრის იდენტიფიკატორი
საკონტროლო ველი GE_BSU
005 - ბოლო ოპერაციის თარიღი და დრო
საკონტროლო ველი 20190603144558.0
008 - ფიქსირებული სიგრძის მონაცემთა ელემენტები - ზოგადი ინფორმაცია
ფიქსირებული სიგრძის საკონტროლო ველი 181216s1968||||ge |||||||||||||| ||geo||
040 ## - კატალოგიზაციის წყარო
Transcribing agency GE_BSU
041 ## - ენის კოდი
Language code of text/sound track or separate title geo
080 ## - უნივერსალური ათობითი კლასიფიკაციის ინდექსი
Universal Decimal Classification number 556(075.8) ჰ–60
100 ## - მთავარი ჩანაწერი - პიროვნების სახელი
Personal name ბიჩიკაშვილი, ბ.
9 (RLIN) 1964
245 ## - ცნობა სათაურის შესახებ
Title ჰიდროლოგია : სახელმძღვანელო /
Statement of responsibility, etc ბ.ბიჩიკაშვილი ; ,ნ. დანელია ; ლ. გველესიანი ; რედ : პ.ლაბარტყავა.
264 ## - წარმოების, გამოცემის, დისტრიბუციის და სხვა ცნობები
გამოცემის, წარმოების, დისტრიბუციის... ადგილი თბილისი :
გამოცემის, წარმოების, დისტრიბუციის... სახელწოდება განათლება,
გამოცემის, წარმოების, დისტრიბუციის... თარიღი 1968.
300 ## - ფიზიკური აღწერა
Extent 242გვ .:
Other physical details ილ;
Dimensions 23 სმ.
653 ## - INDEX TERM--UNCONTROLLED
Uncontrolled term ჰიდროლოგია
700 ## - ADDED ENTRY--PERSONAL NAME
Personal name დანელია,ნ
9 (RLIN) 1317
700 ## - ADDED ENTRY--PERSONAL NAME
Personal name გველესიანი,ლ
9 (RLIN) 1965
700 ## - ADDED ENTRY--PERSONAL NAME
Personal name ლაბარტყავა, პ
Relator term რედაქტორი
9 (RLIN) 523
942 ## - ADDED ENTRY ELEMENTS (KOHA)
Koha item type წიგნი
Source of classification or shelving scheme
ეგზემპლარები
ჩამოწერის სტატუსი დაკარგული ეგზემპლარის სტატუსი კლასიფიკაციის წყარო ან თაროზე გაწყობის სქემა დაზიანების სტატუსი არ გაიცემა მუდმივი მდებარეობა (დაცვის ადგილი) ამჟამინდელი ადგილსამყოფელი თაროზე განთავსების ადგილი შეძენის თარიღი ღირებულება, შესყიდვის ნორმალური ფასი სრული შენახვის შიფრი შტრიხკოდი ბოლო ოპერაციის თარიღი ეგზემპლარის მიმდევრობითი ნომერი (კეტერი?) ფასის ძალაში შესვლის თარიღი ეგზემპლარის სახეობა საჯარო შენიშვნა
          ტექნოლოგიური ფაკულტეტის ბიბლიოთეკა ტექნოლოგიური ფაკულტეტის ბიბლიოთეკა წიგნსაცავი 2018-12-17 1.00 556(075.8) ჰ–60 10076 2018-12-17 10076 2018-12-17 წიგნი 1 ლ. 50 თ.
          ტექნოლოგიური ფაკულტეტის ბიბლიოთეკა ტექნოლოგიური ფაკულტეტის ბიბლიოთეკა წიგნსაცავი 2018-12-17 1.00 556(075.8) ჰ–60 10077 2018-12-17 10077 2018-12-17 წიგნი 1 ლ. 50 თ.
          ტექნოლოგიური ფაკულტეტის ბიბლიოთეკა ტექნოლოგიური ფაკულტეტის ბიბლიოთეკა წიგნსაცავი 2018-12-17 1.00 556(075.8) ჰ–60 10078 2018-12-17 10078 2018-12-17 წიგნი 1 ლ. 50 თ.
          ტექნოლოგიური ფაკულტეტის ბიბლიოთეკა ტექნოლოგიური ფაკულტეტის ბიბლიოთეკა წიგნსაცავი 2018-12-17 1.00 556(075.8) ჰ–60 10079 2018-12-17 10079 2018-12-17 წიგნი 1 ლ. 50 თ.